Escudos de fútbol "reales" - Estadísticas

Estadísticas generales
  • Esta prueba ha sido intentada 72 veces
  • La puntuación promedio es 13 de 15
Estadísticas de respuestas
Imagen Respuesta % Correcto
Real Betis Balompié
100%
Real Club Celta de Vigo
100%
Real Madrid
100%
Real Sociedad
100%
Real Club Deportivo Espanyol de Barcelona
99%
Real Mallorca
97%
Real Oviedo
96%
Real Valladolid
96%
Real Zaragoza
94%
Real Club Deportivo de la Coruña
90%
Real Racing Club de Santander
84%
Real Sporting de Gijón
84%
Real Murcia
67%
Real Club Recreativo de Huelva
64%
Real Unión de Irún
64%
No se encontraron pruebas coincidentes
Distribución de puntuación
Porcentaje de gente con cada puntuación
Porcentaje por número respondido
Historial de tus puntuaciones
No has intentado esta prueba.